High Pressure Processing of Foods (Record no. 14224)
[ view plain ]
| 000 -LEADER | |
|---|---|
| fixed length control field | 00360nam a22001337a 4500 |
| 020 ## - INTERNATIONAL STANDARD BOOK NUMBER | |
| ISBN | 9788126542345 |
| 082 ## - DEWEY DECIMAL CLASSIFICATION NUMBER | |
| Classification number | 664 |
| Item number | CHR/HI |
| 245 ## - TITLE STATEMENT | |
| Title | High Pressure Processing of Foods |
| 260 ## - PUBLICATION, DISTRIBUTION, ETC. (IMPRINT) | |
| Place of publication | New Delhi |
| Name of publisher | Blackwell Publishing |
| Year of publication | 2013 |
| 700 ## - ADDED ENTRY--PERSONAL NAME | |
| Personal name | Doona, Christopher.J |
| 700 ## - ADDED ENTRY--PERSONAL NAME | |
| Personal name | Feeherry, Florence .E |
| 700 ## - ADDED ENTRY--PERSONAL NAME | |
| Personal name | Dunne, C. Patrick |
| 942 ## - ADDED ENTRY ELEMENTS (KOHA) | |
| Koha item type | Books |
| Withdrawn status | Lost status | Damaged status | Collection code | Home library | Current library | Shelving location | Date acquired | Source of acquisition | Cost, normal purchase price | Full call number | Accession Number | Koha item type |
|---|---|---|---|---|---|---|---|---|---|---|---|---|
| KAUAET | KAUAET | General Stacks | 06/06/2016 | Southern Book Centre | 4995.00 | 664 CHR/HI | 24904 | Books |
